000
00246nam a2200097Ia 4500
008
240331s9999 xx 000 0 und d
082
_b
VAI
100
_a
Vaitheeswaran, K.
245
0
_a
Family - relationship :
_b
guide for prosperous life
942
_c
L
999
_c
5844
_d
5844